|
|
|
|
| LEADER |
00650nab a2200205 i 4500 |
| 001 |
acta32636 |
| 005 |
20250514123136.0 |
| 008 |
161017s1991 hu o 000 hun d |
| 022 |
|
|
|a 1215-3451
|
| 040 |
|
|
|a SZTE Egyetemi Kiadványok Repozitórium
|b hun
|
| 041 |
|
|
|a hun
|
| 100 |
1 |
|
|a Soós Tibor
|
| 245 |
1 |
2 |
|a A herceg hosszú éjszakája
|h [elektronikus dokumentum] /
|c Soós Tibor
|
| 260 |
|
|
|c 1991
|
| 300 |
|
|
|a 37-39
|
| 490 |
0 |
|
|a Nyelvelő
|v 1 No. 1
|
| 650 |
|
4 |
|a Bölcsészettudományok
|
| 650 |
|
4 |
|a Nyelvek és irodalom
|
| 695 |
|
|
|a Magyar irodalom - novella
|
| 856 |
4 |
0 |
|u http://acta.bibl.u-szeged.hu/32636/1/nyelvelo_001_037-039.pdf
|z Dokumentum-elérés
|